000 00935cab a2200301 4500
001 ABS60237
008 090401t1999 xxu||||| |||| 00| 0 eng d
035 _a(Sirsi) u91661
041 _aeng
100 _aGronow, S.A.
245 _aTowards an intelligent residential appraisal model
260 _c1999
350 _a0
490 _aJournal of Property Research
_v16(1) March 1999, 67-90(13)
520 _aConsiders the use of Direct Capital Comparison as a method of valuing residential property and looks at neural networks as an alternative. References.
650 _aDIRECT CAPITAL COMPARISON
650 _aINTELLIGENT SYSTEMS
650 _aRESIDENTIAL APPRAISAL
650 _aRESIDENTIAL PROPERTY
_96266
650 _aSTATISTICS
690 _aRATING AND VALUATION
700 _aAlmond, N
700 _aJenkins, D.H.
700 _aLewis, O.M.
700 _aWare, J.A.
942 _n0
948 _c02/03/1999
999 _c58192
_d58192